000 01490nam a2200277Ia 4500
003 OSt
005 20221005104753.0
006 a|||||r|||| 00| 0
007 ta
008 221004b |||||||| |||| 00| 0 hin d
020 _c100
024 _a9094
037 _b20478, 08/01/2014, Hindi Madhyam Karyanvyan Nideshalye
_cTextual
040 _aCRL
_cCRL
_bhin
041 _2hin
_ahin
082 _aV2z7, 152P3
100 _aशर्मा, रामविलास
245 0 _aस्वाधीनता संग्राम के बदलते परिप्रेक्ष्य
_b 1857 के स्वाधीनता संग्राम से लेकर हाल के राष्ट्रीय एकता के लिए संघर्ष तक
246 _aSvādhīnatā sangrām ke badalate pariprekṣhya: 1857 ke swādhīnatā sangrām se lekar hāl ke rāṣhṭrīya ekatā ke lie sangharṣha taka
260 _aदिल्ली
_bविश्वविद्यालय हिन्दी माध्यम कार्यान्वय निदेशालय भारत
_c2003
300 _a252पृ0
_ccm.
490 _aइतिहास और समकालीन परिदृश्य; 1
650 _aविश्व-इतिहास
942 _hV2z7, 152P3
_cTEXL
_2cc
999 _c1013735
_d1013735